| 000 | 00762cam a22002653a 4500 | ||
|---|---|---|---|
| 001 | 24126 | ||
| 003 | PGUSA | ||
| 005 | 20140828083521.0 | ||
| 008 | 080102s2008||||xxu|||||s|||||000 | eng d | ||
| 040 |
_aPGUSA _beng |
||
| 042 | _adc | ||
| 050 | 4 | _aPS | |
| 100 | 1 |
_aHough, Emerson, _d1857-1923 |
|
| 245 | 1 | 0 |
_aMaw's Vacation : _bThe Story of a Human Being in the Yellowstone _h[electronic resource] / _cEmerson Hough |
| 260 |
_bProject Gutenberg, _c2008 |
||
| 506 | _aPublic domain in the USA. | ||
| 516 | _aElectronic text | ||
| 653 | _aTourists | ||
| 653 | _aAmerican wit and humor | ||
| 653 | _aYellowstone National Park | ||
| 653 | _aCamping | ||
| 830 | 0 |
_aProject Gutenberg _v24126 |
|
| 856 | 4 | 0 | _uhttp://www.gutenberg.org/ebooks/24126 |
| 942 | _cEB | ||
| 999 |
_c253381 _d253381 |
||